00375cam a2200145ua 4500041001000000082001900010100002200029245006600051250001200117260005700129300001200186504000500198942000700203999001900210 aengh a828.09bFLE/AR aFlesch, Rudolf . aArt of readable writing / cRudolf Flesch.hTextual Documents a1 / b. aNewyork : bHarper and brothers publishers , c1949. a237 ; . a cBK c336128d336128